000 01480nam1a22003491 4500
001 RU\NLR\KADK\51461
005 20260407102412.0
035 _a(NLR Aleph) 009861188
090 _a10386504
_c10386504
100 _a19990421d1783 u y0rusy50 ca
101 0 _alat
102 _aRU
200 1 _aPaulini à S. Iosepho Lucensis Orationum
210 _a[Mosquae (Moskva)]
_cIn Typographeo Univesitatis
_cTypis Nicolai a Nowicow
_d1783
215 _d8°(17 см)
300 _aМесто изд. установл. по: СК XVIII (ин.).- Т. 1
316 _aT. 1-2 в одном пер.
_5Рэ ШК / C-516 O1
317 _aОба тома с наклейкой Б-ки 1-го Кадет. корп. и штампом Лен. Воен. б-ки
_5Рэ ШК / C-516 O1
463 0 _1001RU\NLR\KADK\51462
_913488072
_p[2], 179 с.
_tPaulini à S. Iosepho Lucensis Orationum. - T. 1
463 0 _1001RU\NLR\KADK\51463
_913488073
_p184, [2] с.
_tPaulini à S. Iosepho Lucensis Orationum. - T. 2
517 1 _aOrationum
620 _dMoskva
700 1 _aChelucci
_bD.
_f1681-1754
_gDomenico
_4070
702 1 _6z01790
_aNovikov
_bN.I.
_f1744-1818
_gNikolaj Ivanovič
_4610
712 0 1 _4610
_8lat
_aMosqua
_bUniversitas
_bTypographia
_7ba
_3RU\NLR\AUTH\889930224
_9356034
790 1 _6z01702
_aNowicow
_gNicolaus
_4610
801 0 _aRU
_bNLR
_c19990421
852 _aNLR
_bБ-ка 1-го Кадет. Корп.
_jРэ ШК / C-516 O1
942 _cBOOK
980 _aNB
980 _aKADK